000 00258nam a22001097a 4500
008 170113b xxu||||| |||| 00| 0 eng d
020 _a9780781715751
041 _aeng
080 _a618.2
245 _aMEDICAL-SURGICAL NURSING
_cSMELTZER, S.C
942 _2udc
_cBK
999 _c2873
_d2873